Normal view
MARC view
Entry Topical Term
001 - CONTROL NUMBER
- control field: 21036
003 - CONTROL NUMBER IDENTIFIER
- control field: ARRUPE
005 - DATE AND TIME OF LATEST TRANSACTION
- control field: 20151111150917.0
008 - FIXED-LENGTH DATA ELEMENTS
- fixed length control field: 151111|| aca||aabn | a|a d
040 ## - CATALOGING SOURCE
- Original cataloging agency: ARRUPE
- Transcribing agency: ARRUPE
150 ## - HEADING--TOPICAL TERM
- Topical term or geographic name as entry element: Pharmaceuticals
- General subdivision: Economics
670 ## - SOURCE DATA FOUND
- Source citation: Work cat.: (ARRUPE): Green, David G. 10600, Should pharmaceutical prices be regulated?, 1997